000 01134nam a2200313 a 4500
001 000110909
003 CHAP
005 20220329144150.0
008 141021s2014 mx sm |||||||spa d
010 _a107371
011 _a108343
040 _cCHAP
090 _aTesis
100 1 _aSantos Martínez, José Antonio
_9128660
245 1 0 _aEvaluación cuantitativa de cinco variedades de alfalfa (Medicago sativa L.)
_h[En línea]
_cpor José Antonio Santos Martínez.
260 _aChapingo, Méx. :
_bEl autor,
_c2014.
500 _aPara ver el contenido del material haga clic en la liga
502 _aTesis (Ing. Agr. Esp. en Zootecnia) -- UACH. Departamento de Investigación y Servicio en Zootecnia
590 _aE11695DGD
_b10
_c20141024
_lUCH01
_h0819
590 _aE5765TAJ
_b05
_c20141021
_lUCH01
_h0926
590 _aE5765TAJ
_b05
_c20141021
_lUCH01
_h0926
650 1 4 _aAlfalfa
_xCrecimiento.
_93858
650 1 4 _aAlfalfa
_xRendimiento.
_93887
650 1 4 _aAlfalfa
_xVariedades.
_93893
856 _aFinding aid
_uhttp://10.13.5.2/tesis/sist110909.pdf
_zTeclea aquí
901 _aBK
942 _cTESIS
942 _n0
999 _c107371
_d107371